| 000 | 00398nam a2200169Ia 4500 | ||
|---|---|---|---|
| 005 | 20240830030705.0 | ||
| 008 | 240331s9999 xx 000 0 und d | ||
| 020 | _a9559555006 | ||
| 082 |
_bRAN _a792 |
||
| 100 | _aRanaweera,E | ||
| 245 | 0 | _aAttaka mal paravi giya | |
| 260 |
_aColombo _bj. Diandas _c1993 |
||
| 300 | _avi, 68 p ., | ||
| 650 | _aDrama | ||
| 650 | _aSinhala Language | ||
| 942 | _cL | ||
| 999 |
_c4353 _d4353 |
||